| 000 | 00563nam a2200229 a 4500 | ||
|---|---|---|---|
| 999 |
_c1983 _d1983 |
||
| 001 | 1983 | ||
| 003 | BD-JhCC | ||
| 005 | 20171028094316.0 | ||
| 008 | 171028s2003 n a|||| || | 001 0 eng d | ||
| 020 | _a0471229172 | ||
| 035 | _a(BD-JhCC)1983 | ||
| 040 |
_aBD-JhCC _dBD-JhCC |
||
| 041 | _aeng | ||
| 082 |
_a658.8 _bSCH 2003 |
||
| 100 | _aSchmetterer, Bob | ||
| 245 |
_aLeap / _cBob Schmetterer, |
||
| 260 |
_aNew York : _bJohn Wiley & Sons, Inc. _c2003 |
||
| 300 |
_a241 p. : _c24 cm. |
||
| 650 | _aMarketing Planning | ||
| 942 |
_2ddc _cBK |
||